000
00197 a2200097 4500
020
_a
799070587701
041
_a
spa
100
_a
Evans, Wendy
245
E
_a
ĹSilencio en la biblioteca!
942
_c
BK
999
_c
30075
_d
30073